000
00301nam a22001217a 4500
020
_a
0-8104-0761-2
082
_a
044.0285 GIL'B
100
_a
GILDER, J.H
_9
74244
245
_a
BASIC COMPUTER PROGRAMS IN SCIENCE AND ENGINEERING
260
_a
NEW JERSEY
_b
HAYDEN
_c
1980
300
_a
247P
942
_c
BK
999
_c
579801
_d
579801